| 000 | 00479nam a2200193 a 4500 | ||
|---|---|---|---|
| 001 | 1758712714804 | ||
| 003 | YourLibrary | ||
| 005 | 20250924164949.0 | ||
| 008 | 250924s2000##################000#0#eng## | ||
| 020 | _a9780896036536 | ||
| 082 | 0 | 4 |
_a579.2445 _bRAP |
| 100 | 1 |
_aRaptis, Leda, _eauthor. |
|
| 245 | 1 | 0 | _aSV40 Protocols : |
| 260 |
_bHumana Press, _c2000. |
||
| 300 | _a310 pages | ||
| 650 | 0 | _aScience. | |
| 942 | _cENGLISH | ||
| 040 |
_aYourLibrary _beng _cYourLibrary |
||
| 999 |
_c589387 _d589387 |
||